[Event "Yugoslavia"]
[Site "Yugoslavia"]
[Date "1992.??.??"]
[Round "?"]
[White "Mikhalchishin, Adrian"]
[Black "Velimirovic, Dragoljub"]
[Result "1-0"]
[WhiteElo "2530"]
[BlackElo "2530"]
[PlyCount "79"]
[EventDate "1992.??.??"]
[EventType "game"]
[EventCountry "YUG"]
[Source "ChessBase"]
[SourceDate "2009.11.30"]
[WhiteTeamCountry "YUG"]
[BlackTeamCountry "YUG"]

1. Nf3 Nf6 2. c4 g6 3. g3 Bg7 4. Bg2 O-O 5. O-O d6 6. d4 Nc6 7. Nc3 Bg4 8. h3
Bxf3 9. Bxf3 Nd7 10. Be3 e5 11. Bxc6 bxc6 12. Qd2 Re8 13. b3 Nf6 14. Kg2 Qd7
15. Rad1 exd4 16. Bxd4 Ne4 17. Nxe4 Rxe4 18. Bxg7 Kxg7 19. f3 Re7 20. e4 Qe6
21. c5 dxc5 22. Qc3+ Qe5 23. Rc1 f5 24. exf5 gxf5 25. Qxc5 Rd8 26. Rf2 Rd6 27.
Rc4 Qxc5 28. Rxc5 Kf6 29. Rfc2 Ree6 30. h4 h6 31. Ra5 Rd5 32. Rxa7 Red6 33.
Rxc7 Rd2+ 34. Rxd2 Rxd2+ 35. Kh3 Rc2 36. b4 Rc4 37. a4 f4 38. a5 fxg3 39. a6
Rxb4 40. Rxc6+ 1-0

[Event "Belgrade"]
[Site "Belgrade"]
[Date "1993.??.??"]
[Round "?"]
[White "Velimirovic, Dragoljub"]
[Black "Knezevic, Milorad J"]
[Result "0-1"]
[WhiteElo "2510"]
[BlackElo "2415"]
[PlyCount "86"]
[EventDate "1993.??.??"]
[EventType "game"]
[EventCountry "YUG"]
[Source "ChessBase"]
[SourceDate "2009.11.30"]
[WhiteTeamCountry "YUG"]
[BlackTeamCountry "YUG"]

1. e4 e5 2. Nf3 Nc6 3. Bb5 Nf6 4. O-O Nxe4 5. d4 Be7 6. Qe2 Nd6 7. Bxc6 bxc6 8.
dxe5 Nb7 9. Nc3 O-O 10. Re1 Nc5 11. Nd4 Ne6 12. Be3 Rb8 13. Rab1 Nxd4 14. Bxd4
c5 15. Be3 d5 16. exd6 Bxd6 17. Qh5 Rb4 18. h3 Bb7 19. a3 Rh4 20. Qg5 Be7 21.
Qf5 g6 22. Qe5 Bd6 23. Bg5 Qd7 24. Rbd1 f6 25. Qxd6 cxd6 26. Bxh4 Re8 27. Rxe8+
Qxe8 28. Rxd6 g5 29. Bg3 f5 30. f3 Qe3+ 31. Bf2 Qc1+ 32. Rd1 Qxb2 33. Na4 Qxc2
34. Rd8+ Kf7 35. Nxc5 Bc6 36. Rh8 Qd1+ 37. Kh2 Qd6+ 38. Kh1 Qd1+ 39. Bg1 Bxf3
40. Rxh7+ Kg6 41. Rd7 Bd5 42. Ne6 Bxg2+ 43. Kh2 Bd5 0-1

[Event "Jagodina"]
[Site "Jagodina"]
[Date "1993.??.??"]
[Round "?"]
[White "Velimirovic, Dragoljub"]
[Black "Ilincic, Zlatko"]
[Result "0-1"]
[WhiteElo "2505"]
[BlackElo "2505"]
[PlyCount "72"]
[EventDate "1993.??.??"]
[EventType "game"]
[EventCountry "YUG"]
[Source "ChessBase"]
[SourceDate "2009.11.30"]
[WhiteTeamCountry "YUG"]
[BlackTeamCountry "YUG"]

1. e4 c5 2. Nf3 d6 3. d4 cxd4 4. Nxd4 Nf6 5. Nc3 a6 6. Bc4 e6 7. Bb3 b5 8. O-O
b4 9. Na4 Bb7 10. f4 Bxe4 11. Be3 d5 12. f5 e5 13. Nf3 Nbd7 14. Ng5 Be7 15.
Nxe4 dxe4 16. Rf2 Qc7 17. g4 h6 18. h4 Nc5 19. Rd2 Qc6 20. g5 hxg5 21. hxg5
Nxa4 22. gxf6 Bc5 23. Bxc5 Qxc5+ 24. Kg2 gxf6 25. Bxa4+ Kf8 26. Rd8+ Rxd8 27.
Qxd8+ Kg7 28. Qd2 Rh5 29. Rh1 e3 30. Qd3 e2 31. Ra1 Rg5+ 32. Kf3 e4+ 33. Qxe4
Rxf5+ 34. Kg4 Re5 35. Qh1 Qd4+ 36. Kh3 Qe3+ 0-1

[Event "YUG-Cup 36th"]
[Site "Becici"]
[Date "1993.05.17"]
[Round "1"]
[White "Ilincic, Zlatko"]
[Black "Velimirovic, Dragoljub"]
[Result "1/2-1/2"]
[WhiteElo "2470"]
[BlackElo "2510"]
[PlyCount "108"]
[EventDate "1993.??.??"]
[EventType "team"]
[EventRounds "6"]
[EventCountry "YUG"]
[Source "ChessBase"]
[SourceDate "1999.11.16"]
[WhiteTeam "RSK/Borovo"]
[BlackTeam "Zemunsped"]
[WhiteTeamCountry "YUG"]
[BlackTeamCountry "YUG"]

1. d4 Nf6 2. c4 c5 3. d5 e6 4. Nc3 exd5 5. cxd5 d6 6. g3 g6 7. Nf3 Bg7 8. Bg2
O-O 9. O-O Nbd7 10. Nd2 Ne8 11. a4 a6 12. a5 b5 13. axb6 Nxb6 14. Nb3 Nc4 15.
Ra4 Nb6 16. Ra2 Nc4 17. Ra4 Nb6 18. Ra2 Nc7 19. Na5 Nb5 20. Bd2 Qc7 21. e3 Bf5
22. Qe2 c4 23. Rfa1 Rfe8 24. Nc6 Bd7 25. Rxa6 Rxa6 26. Rxa6 Qb7 27. Ra5 Nxc3
28. Bxc3 Bxc3 29. bxc3 Nxd5 30. Bxd5 Bxc6 31. Qxc4 Re5 32. e4 Kg7 33. Qd4 Qb1+
34. Kg2 Bxd5 35. Rxd5 Qxe4+ 36. Qxe4 Rxe4 37. Rxd6 Rc4 38. Rd3 g5 39. Kf3 f5
40. Ke2 Kf6 41. Kd2 Ra4 42. Rd7 Ra2+ 43. Ke3 Rc2 44. Rc7 h5 45. Rc6+ Ke5 46.
Rc5+ Ke6 47. h4 f4+ 48. gxf4 gxh4 49. Kf3 Kf6 50. Rxh5 Rxc3+ 51. Kg4 Rc2 52. f3
Rg2+ 53. Kxh4 Rh2+ 54. Kg4 Rxh5 1/2-1/2

[Event "YUG-Cup 36th"]
[Site "Becici"]
[Date "1993.05.18"]
[Round "2"]
[White "Velimirovic, Dragoljub"]
[Black "Sekulic, Dusan"]
[Result "1/2-1/2"]
[WhiteElo "2510"]
[BlackElo "2410"]
[PlyCount "98"]
[EventDate "1993.??.??"]
[EventType "team"]
[EventRounds "6"]
[EventCountry "YUG"]
[Source "ChessBase"]
[SourceDate "1999.11.16"]
[WhiteTeam "Zemunsped"]
[BlackTeam "Vozdovac"]
[WhiteTeamCountry "YUG"]
[BlackTeamCountry "YUG"]

1. e4 g6 2. d4 c6 3. f4 d5 4. e5 h5 5. c4 Bg4 6. Qb3 Qb6 7. Qxb6 axb6 8. cxd5
cxd5 9. Nc3 e6 10. h3 Bf5 11. Nf3 Bb4 12. Bd2 Bxc3 13. Bxc3 Ne7 14. Kf2 h4 15.
Bb5+ Nbc6 16. Bb4 Be4 17. Ng5 Nf5 18. Rhd1 Bc2 19. Bxc6+ bxc6 20. Rdc1 Ra4 21.
Bd2 Be4 22. Rxc6 O-O 23. Rxb6 Rxd4 24. Bb4 Rc8 25. Rc1 Bc2 26. Ke1 Ne3 27. Ke2
Nxg2 28. Kf3 Rxb4 29. Rxb4 Be4+ 30. Nxe4 dxe4+ 31. Kxg2 Rxc1 32. Kf2 Rh1 33.
Rb3 Kg7 34. a4 e3+ 35. Rxe3 Rh2+ 36. Ke1 Rxb2 37. Ra3 g5 38. a5 gxf4 39. a6 Rb8
40. a7 Ra8 41. Kf2 f6 42. exf6+ Kxf6 43. Kf3 Kf5 44. Ra4 e5 45. Ra5 Kg6 46. Kg4
Kf6 47. Ra6+ Kg7 48. Kxh4 f3 49. Kg3 e4 1/2-1/2

[Event "YUG-Cup 36th"]
[Site "Becici"]
[Date "1993.05.19"]
[Round "3"]
[White "Bykhovsky, Avigdor"]
[Black "Velimirovic, Dragoljub"]
[Result "1/2-1/2"]
[WhiteElo "2520"]
[BlackElo "2510"]
[PlyCount "93"]
[EventDate "1993.??.??"]
[EventType "team"]
[EventRounds "6"]
[EventCountry "YUG"]
[Source "ChessBase"]
[SourceDate "1999.11.16"]
[WhiteTeam "IMR Sahmatik"]
[BlackTeam "Zemunsped"]
[WhiteTeamCountry "YUG"]
[BlackTeamCountry "YUG"]

1. d4 c5 2. d5 Nf6 3. c4 g6 4. Nc3 Bg7 5. e4 O-O 6. Bd3 d6 7. h3 e6 8. Nf3 exd5
9. exd5 Re8+ 10. Be3 Bh6 11. O-O Bxe3 12. fxe3 Qe7 13. Re1 Nbd7 14. Qd2 Ne5 15.
Nxe5 Qxe5 16. Qf2 Re7 17. Qf4 Kg7 18. Re2 Bd7 19. Rf1 Rf8 20. Ref2 Ne8 21. Rf3
a6 22. a4 b6 23. Qh4 f5 24. g4 Ref7 25. g5 Nc7 26. e4 f4 27. Ne2 Qxb2 28. Nxf4
Kg8 29. Qh6 Qg7 30. Qxg7+ Kxg7 31. h4 Bxa4 32. h5 b5 33. R3f2 bxc4 34. Bxc4 Bb5
35. Bxb5 axb5 36. h6+ Kg8 37. e5 dxe5 38. Nxg6 Rxf2 39. Ne7+ Kh8 40. Rxf2 Rxf2
41. Kxf2 b4 42. d6 Ne6 43. d7 Nd8 44. g6 hxg6 45. Nxg6+ Kh7 46. Nxe5 Kxh6 47.
Ke2 1/2-1/2

[Event "YUG-Cup 36th"]
[Site "Becici"]
[Date "1993.05.20"]
[Round "4"]
[White "Velimirovic, Dragoljub"]
[Black "Cetkovic, Miodrag"]
[Result "1-0"]
[WhiteElo "2510"]
[BlackElo "2295"]
[PlyCount "113"]
[EventDate "1993.??.??"]
[EventType "team"]
[EventRounds "6"]
[EventCountry "YUG"]
[Source "ChessBase"]
[SourceDate "1999.11.16"]
[WhiteTeam "Zemunsped"]
[BlackTeam "Pristina"]
[WhiteTeamCountry "YUG"]
[BlackTeamCountry "YUG"]

1. e4 g6 2. d4 Bg7 3. Nc3 c6 4. f4 d5 5. e5 h5 6. Be3 Nh6 7. Nf3 Bf5 8. h3 Nd7
9. Be2 b5 10. O-O Nb6 11. a4 Nc4 12. Bc1 b4 13. Na2 a5 14. b3 Nb6 15. Be3 O-O
16. Rc1 Nd7 17. c3 bxc3 18. Rxc3 Qb6 19. Nh4 Be4 20. Bf3 Bxf3 21. Qxf3 e6 22.
g4 Qd8 23. g5 Nf5 24. Nxf5 gxf5 25. Qxh5 Rb8 26. Nc1 Rb6 27. Rf2 Re8 28. Rfc2
Qa8 29. g6 fxg6 30. Qxg6 Nf8 31. Qh5 Re7 32. Nd3 Qe8 33. Qh4 Ng6 34. Qe1 Kh7
35. Rg2 Bh6 36. h4 Nf8 37. Qe2 Nd7 38. Ne1 Nf8 39. Nf3 Reb7 40. Qd1 Kh8 41. Ng5
Rg7 42. Bc1 Kg8 43. h5 Qe7 44. Rcg3 Rb7 45. Qc2 Qe8 46. Ba3 Nh7 47. Qe2 Kh8 48.
Nh3 Qb8 49. Bd6 Qa7 50. Bc5 Qb8 51. Qd3 Qg8 52. Rg6 Rxg6 53. Rxg6 Rg7 54. Qg3
Qf7 55. Rxg7 Qxg7 56. Qxg7+ Kxg7 57. b4 1-0

[Event "YUG-Cup 36th"]
[Site "Becici"]
[Date "1993.05.21"]
[Round "5"]
[White "Govedarica, Radovan"]
[Black "Velimirovic, Dragoljub"]
[Result "1-0"]
[WhiteElo "2410"]
[BlackElo "2510"]
[PlyCount "42"]
[EventDate "1993.??.??"]
[EventType "team"]
[EventRounds "6"]
[EventCountry "YUG"]
[Source "ChessBase"]
[SourceDate "1999.11.16"]
[WhiteTeam "Belgrade BEKO"]
[BlackTeam "Zemunsped"]
[WhiteTeamCountry "YUG"]
[BlackTeamCountry "YUG"]

1. e4 e6 2. d4 d5 3. Nd2 dxe4 4. Nxe4 Bd7 5. Nf3 Bc6 6. Bd3 Nf6 7. Bg5 Be7 8.
Bxf6 gxf6 9. Qe2 Qd5 10. O-O Qh5 11. c4 f5 12. Ng3 Bxf3 13. Qe5 Rg8 14. Rfe1
Qh4 15. gxf3 Nd7 16. Qxc7 Rd8 17. d5 Nc5 18. Bf1 Bd6 19. Qa5 f4 20. Qd2 Ke7 21.
b4 fxg3 1-0

[Event "YUG-Cup 36th"]
[Site "Becici"]
[Date "1993.05.23"]
[Round "6"]
[White "Velimirovic, Dragoljub"]
[Black "Malaniuk, Vladimir"]
[Result "1/2-1/2"]
[WhiteElo "2510"]
[BlackElo "2600"]
[PlyCount "82"]
[EventDate "1993.??.??"]
[EventType "team"]
[EventRounds "6"]
[EventCountry "YUG"]
[Source "ChessBase"]
[SourceDate "1999.11.16"]
[WhiteTeam "Zemunsped"]
[BlackTeam "Crvena Zvezda"]
[WhiteTeamCountry "YUG"]
[BlackTeamCountry "YUG"]

1. e4 e5 2. Nf3 Nc6 3. c3 Nf6 4. d4 Nxe4 5. d5 Ne7 6. Nxe5 Ng6 7. Qd4 Qf6 8.
Qxe4 Qxe5 9. Qxe5+ Nxe5 10. Bf4 d6 11. Na3 Be7 12. Nc4 Nxc4 13. Bxc4 Bd7 14.
Kd2 O-O 15. Rhe1 Rfe8 16. a4 a6 17. a5 Bf6 18. Bd3 h6 19. b4 Kf8 20. Rac1 Rxe1
21. Rxe1 Re8 22. Be3 Bg5 23. Bxg5 Rxe1 24. Kxe1 hxg5 25. Kd2 Ke7 26. Ke3 Bc8
27. f4 f6 28. fxg5 fxg5 29. Kd4 b6 30. g4 Kf6 31. h3 Ke7 32. c4 Bd7 33. Bc2
bxa5 34. bxa5 Kf6 35. Bd3 Ke7 36. c5 Bc8 37. c6 Kf6 38. Ke4 g6 39. Bc2 Kg7 40.
Kf3 Kh6 41. Kg3 Kg7 1/2-1/2

[Event "YUG-chT"]
[Site "Cetinje"]
[Date "1993.??.??"]
[Round "2"]
[White "Velimirovic, Dragoljub"]
[Black "Nevednichy, Vladislav"]
[Result "0-1"]
[WhiteElo "2510"]
[BlackElo "2495"]
[PlyCount "126"]
[EventDate "1993.??.??"]
[EventType "team"]
[EventRounds "11"]
[EventCountry "YUG"]
[Source "ChessBase"]
[SourceDate "1994.03.01"]
[WhiteTeamCountry "YUG"]
[BlackTeamCountry "YUG"]

1. e4 g6 2. d4 Bg7 3. Nc3 c6 4. f4 d5 5. e5 Nh6 6. Nf3 Bg4 7. Be3 f6 8. exf6
exf6 9. Qd2 Nf5 10. Bf2 Qe7+ 11. Be2 Bxf3 12. gxf3 Nd7 13. O-O-O Nb6 14. Bd3
Qd7 15. Ne2 O-O-O 16. b3 Nd6 17. h4 f5 18. Qa5 Kb8 19. h5 Qf7 20. Kb1 Ndc4 21.
Qe1 Rhe8 22. Qg1 Qf8 23. Ka1 Qa3 24. Rb1 Nd2 25. Qc1 Nxb1 26. Kxb1 Qd6 27. Qg1
Nd7 28. hxg6 hxg6 29. Rh7 Re7 30. Bh4 Bf6 31. Bxf6 Qxf6 32. Rxe7 Qxe7 33. Qxg6
Rf8 34. Ng3 Qf6 35. Qh7 Kc7 36. Nxf5 Rh8 37. Qg7 Qxg7 38. Nxg7 Kd6 39. Nf5+ Ke6
40. Ne3 Nf6 41. Kc1 Nh5 42. f5+ Kf6 43. Ng4+ Kg5 44. Ne5 Re8 45. c3 Ng7 46.
Nf7+ Kf6 47. Nh6 Rf8 48. f4 Nh5 49. Ng4+ Ke7 50. Kd2 Nxf4 51. Bc2 Nh5 52. Ke3
Rg8 53. Kf3 Nf6 54. Ne3 a5 55. a4 Rg1 56. c4 b6 57. Kf4 Rc1 58. Ke5 Re1 59. Kf4
Re2 60. cxd5 Nxd5+ 61. Nxd5+ cxd5 62. Bd3 Rd2 63. Bb5 Kf6 0-1

[Event "YUG-chT"]
[Site "Cetinje"]
[Date "1993.??.??"]
[Round "3"]
[White "Goldin, Alexander"]
[Black "Velimirovic, Dragoljub"]
[Result "1-0"]
[WhiteElo "2555"]
[BlackElo "2510"]
[PlyCount "69"]
[EventDate "1993.??.??"]
[EventType "team"]
[EventRounds "11"]
[EventCountry "YUG"]
[Source "ChessBase"]
[SourceDate "2001.11.25"]
[WhiteTeamCountry "YUG"]
[BlackTeamCountry "YUG"]

1. d4 c5 2. d5 d6 3. e4 g6 4. c4 Nf6 5. Nc3 Bg7 6. Bd3 O-O 7. Bg5 h6 8. Bh4 Qa5
9. Nge2 g5 10. Bg3 Nxe4 11. Bxe4 f5 12. Bc2 f4 13. O-O Nd7 14. Qd3 Rf7 15. h4
Bxc3 16. Nxc3 Ne5 17. Qe2 fxg3 18. fxg3 gxh4 19. gxh4 Rg7 20. Qf2 Bd7 21. Rae1
Qb4 22. Rxe5 dxe5 23. d6 Be6 24. dxe7 Rf7 25. Qd2 Rxe7 26. Qe3 Rg7 27. Qxe5
Bxc4 28. Rf4 Qxb2 29. Rxc4 Qxc2 30. Qe6+ Rf7 31. Rg4+ Kf8 32. Qd6+ Re7 33. Nd5
Qd1+ 34. Kh2 Rae8 35. Qf6+ 1-0

[Event "YUG-chT"]
[Site "Cetinje"]
[Date "1993.??.??"]
[Round "4"]
[White "Velimirovic, Dragoljub"]
[Black "Ivanovic, Bozidar"]
[Result "1/2-1/2"]
[WhiteElo "2510"]
[BlackElo "2470"]
[PlyCount "27"]
[EventDate "1993.??.??"]
[EventType "team"]
[EventRounds "11"]
[EventCountry "YUG"]
[Source "ChessBase"]
[SourceDate "2001.11.25"]
[WhiteTeamCountry "YUG"]
[BlackTeamCountry "YUG"]

1. e4 e5 2. Nf3 Nc6 3. Bb5 a6 4. Ba4 Nf6 5. O-O Be7 6. Re1 b5 7. Bb3 O-O 8. d3
d6 9. c3 Na5 10. Bc2 c5 11. Nbd2 Re8 12. Nf1 h6 13. Ne3 Bf8 14. a4 1/2-1/2

[Event "YUG-chT"]
[Site "Cetinje"]
[Date "1993.??.??"]
[Round "5"]
[White "Simic, Radoslav"]
[Black "Velimirovic, Dragoljub"]
[Result "1/2-1/2"]
[WhiteElo "2455"]
[BlackElo "2510"]
[PlyCount "41"]
[EventDate "1993.??.??"]
[EventType "team"]
[EventRounds "11"]
[EventCountry "YUG"]
[Source "ChessBase"]
[SourceDate "2001.11.25"]
[WhiteTeamCountry "YUG"]
[BlackTeamCountry "YUG"]

1. d4 c5 2. c3 e6 3. Nf3 Nf6 4. e3 d5 5. Nbd2 Nc6 6. Bd3 cxd4 7. exd4 Bd6 8.
O-O O-O 9. Re1 Nd7 10. Nf1 e5 11. dxe5 Ndxe5 12. Nxe5 Bxe5 13. Qf3 Re8 14. Be3
Be6 15. Ng3 Qh4 16. h3 Rad8 17. Bb5 d4 18. cxd4 Bxd4 19. Bxc6 bxc6 20. Bxd4
Qxd4 21. Qxc6 1/2-1/2

[Event "YUG-chT"]
[Site "Cetinje"]
[Date "1993.??.??"]
[Round "6"]
[White "Velimirovic, Dragoljub"]
[Black "Malaniuk, Vladimir"]
[Result "0-1"]
[WhiteElo "2510"]
[BlackElo "2600"]
[PlyCount "68"]
[EventDate "1993.??.??"]
[EventType "team"]
[EventRounds "11"]
[EventCountry "YUG"]
[Source "ChessBase"]
[SourceDate "2001.11.25"]
[WhiteTeamCountry "YUG"]
[BlackTeamCountry "YUG"]

1. e4 e5 2. Nf3 Nc6 3. d4 exd4 4. c3 d5 5. exd5 Qxd5 6. Be2 Bf5 7. cxd4 Bxb1 8.
Rxb1 Bb4+ 9. Bd2 Bxd2+ 10. Qxd2 Nge7 11. O-O Rd8 12. Qf4 Qd6 13. Qe4 O-O 14.
Rbc1 Nd5 15. Qh4 Nf4 16. Bc4 Nxd4 17. Nxd4 Qxd4 18. g3 Ng6 19. Qxd4 Rxd4 20.
Rfe1 Rfd8 21. b4 c6 22. a4 Kf8 23. Kg2 Re8 24. Rxe8+ Kxe8 25. b5 c5 26. a5 b6
27. axb6 axb6 28. Re1+ Ne7 29. Be2 Re4 30. Kf3 Ra4 31. Bf1 Kd7 32. Rd1+ Kc7 33.
Bh3 f5 34. g4 Ra3+ 0-1

[Event "YUG-chT"]
[Site "Cetinje"]
[Date "1993.??.??"]
[Round "7"]
[White "Kupreichik, Viktor"]
[Black "Velimirovic, Dragoljub"]
[Result "1-0"]
[WhiteElo "2560"]
[BlackElo "2510"]
[PlyCount "76"]
[EventDate "1993.??.??"]
[EventType "team"]
[EventRounds "11"]
[EventCountry "YUG"]
[Source "ChessBase"]
[SourceDate "2001.11.25"]
[WhiteTeamCountry "YUG"]
[BlackTeamCountry "YUG"]

1. e4 c5 2. Nf3 Nc6 3. Nc3 g6 4. d4 cxd4 5. Nxd4 Bg7 6. Nb3 Nf6 7. Be2 O-O 8.
O-O d6 9. Bg5 Be6 10. Re1 a5 11. Bb5 Nd7 12. Nd5 Re8 13. c3 a4 14. Nd2 Nb6 15.
Nf3 Ra5 16. Qd3 Bd7 17. Qe2 Nxd5 18. exd5 Ne5 19. Bxd7 Qxd7 20. Nxe5 Bxe5 21.
Rad1 e6 22. Qg4 Bg7 23. h4 h5 24. Qh3 Rc5 25. a3 Rc7 26. dxe6 Rxe6 27. Rxe6
fxe6 28. Qd3 d5 29. Qxg6 Qf7 30. Qd3 Rc4 31. Qe3 Re4 32. Qb6 Re2 33. Be3 Qd7
34. g3 Be5 35. Kf1 Rc2 36. Re1 Kf7 37. Qb4 Bf6 38. Kg1 e5 1-0

[Event "YUG-chT"]
[Site "Cetinje"]
[Date "1993.??.??"]
[Round "8"]
[White "Velimirovic, Dragoljub"]
[Black "Vasiljevic, Dragan"]
[Result "1-0"]
[WhiteElo "2510"]
[BlackElo "2415"]
[PlyCount "87"]
[EventDate "1993.??.??"]
[EventType "team"]
[EventRounds "11"]
[EventCountry "YUG"]
[Source "ChessBase"]
[SourceDate "1994.03.01"]
[WhiteTeamCountry "YUG"]
[BlackTeamCountry "YUG"]

1. e4 g6 2. d4 Bg7 3. Nc3 d6 4. f4 e6 5. Nf3 Ne7 6. Be3 a6 7. a4 b6 8. Bd3 Nd7
9. O-O Nf6 10. h3 Bb7 11. Qe1 Qd7 12. Nd2 O-O 13. Qh4 d5 14. e5 Ne8 15. a5 f5
16. axb6 cxb6 17. Na4 Nc8 18. g4 Nc7 19. Nf3 Bc6 20. Nc3 Ne7 21. Rf2 a5 22. Rg2
Ra7 23. Kh2 b5 24. b3 a4 25. b4 Qd8 26. Rag1 Be8 27. Ng5 h6 28. Nf3 Ra8 29. Qe1
Kh7 30. Qd2 Qb8 31. Bf2 Nc6 32. Na2 Qd8 33. h4 Bh8 34. h5 gxh5 35. gxf5 exf5
36. Nh4 Ne7 37. Nc3 Ra6 38. Qe2 Rb6 39. Be3 Qc8 40. Rg3 Qd7 41. Qg2 Ne6 42.
Nxf5 Nxf5 43. Nxd5 h4 44. Rg8 1-0

[Event "YUG-chT"]
[Site "Cetinje"]
[Date "1993.??.??"]
[Round "9"]
[White "Maksimovic, Branimir"]
[Black "Velimirovic, Dragoljub"]
[Result "0-1"]
[WhiteElo "2325"]
[BlackElo "2510"]
[PlyCount "110"]
[EventDate "1993.??.??"]
[EventType "team"]
[EventRounds "11"]
[EventCountry "YUG"]
[Source "ChessBase"]
[SourceDate "2001.11.25"]
[WhiteTeamCountry "YUG"]
[BlackTeamCountry "YUG"]

1. d4 c5 2. c3 e6 3. Nf3 Nf6 4. e3 d5 5. Bd3 Nc6 6. O-O Qc7 7. Nbd2 cxd4 8.
cxd4 Bd7 9. a3 Bd6 10. Qe2 O-O 11. e4 e5 12. exd5 Nxd4 13. Nxd4 exd4 14. Ne4
Nxe4 15. Qxe4 Bxh2+ 16. Kh1 f5 17. Qxd4 Be5 18. Qh4 Qd8 19. Qxd8 Raxd8 20. Bg5
Rde8 21. Bc4 Bd6 22. Be3 Re4 23. Rfc1 b6 24. Kg1 f4 25. Bd2 a5 26. Ba6 g5 27.
Re1 Rfe8 28. Rxe4 Rxe4 29. Bc3 Re8 30. Bd3 g4 31. b4 Be5 32. Bxe5 Rxe5 33. bxa5
bxa5 34. Kf1 Kf8 35. Rb1 h5 36. d6 Rd5 37. Rb8+ Kg7 38. Rb7 Rxd3 39. Rxd7+ Kf6
40. Rh7 f3 41. gxf3 gxf3 42. Ke1 Kg6 43. Ra7 Rxd6 44. Rxa5 h4 45. Ra8 Kf5 46.
Ra5+ Kg4 47. Ra4+ Kh3 48. Rf4 Rd3 49. a4 Ra3 50. Rd4 Ra1+ 51. Kd2 Kg2 52. Rxh4
Kxf2 53. Rg4 Rg1 54. Rb4 Kg3 55. Rb3 Ra1 0-1

[Event "YUG-chT"]
[Site "Cetinje"]
[Date "1993.??.??"]
[Round "10"]
[White "Velimirovic, Dragoljub"]
[Black "Tseshkovsky, Vitaly"]
[Result "1-0"]
[WhiteElo "2510"]
[BlackElo "2540"]
[PlyCount "95"]
[EventDate "1993.??.??"]
[EventType "team"]
[EventRounds "11"]
[EventCountry "YUG"]
[Source "ChessBase"]
[SourceDate "1994.03.01"]
[WhiteTeamCountry "YUG"]
[BlackTeamCountry "YUG"]

1. e4 e5 2. Nf3 Nc6 3. Bb5 a6 4. Ba4 Nf6 5. O-O Be7 6. Re1 b5 7. Bb3 O-O 8. c3
d6 9. h3 Nd7 10. d4 Bf6 11. Be3 Bb7 12. Nbd2 exd4 13. cxd4 Nb4 14. Qb1 c5 15.
e5 dxe5 16. dxc5 Nd5 17. Bxd5 Bxd5 18. Ne4 Qc7 19. Nxf6+ Nxf6 20. Qf5 Rfe8 21.
Bg5 Nd7 22. b4 f6 23. Be3 Rad8 24. Rad1 Bxa2 25. Rd6 Nb8 26. Red1 Rxd6 27. Rxd6
Rd8 28. Rb6 Nc6 29. Rxa6 Nxb4 30. Rd6 Nc6 31. Qd3 Rxd6 32. cxd6 Qd7 33. Nd2 Qe6
34. Qa3 Bd5 35. Qa8+ Kf7 36. Qb7+ Ke8 37. Bc5 Qd7 38. Qxb5 Be6 39. Nc4 Nd4 40.
Qb8+ Kf7 41. Nb6 Ne2+ 42. Kh2 Qb5 43. d7 Bxd7 44. Qc7 Kg6 45. Nxd7 Qb1 46. Nf8+
Kh6 47. Be3+ g5 48. f3 1-0

[Event "YUG-chT"]
[Site "Cetinje"]
[Date "1993.??.??"]
[Round "11"]
[White "Damljanovic, Branko"]
[Black "Velimirovic, Dragoljub"]
[Result "1/2-1/2"]
[WhiteElo "2550"]
[BlackElo "2510"]
[PlyCount "80"]
[EventDate "1993.??.??"]
[EventType "team"]
[EventRounds "11"]
[EventCountry "YUG"]
[Source "ChessBase"]
[SourceDate "2001.11.25"]
[WhiteTeamCountry "YUG"]
[BlackTeamCountry "YUG"]

1. d4 c5 2. d5 Nf6 3. Nf3 g6 4. c4 Bg7 5. Nc3 d6 6. e4 O-O 7. h3 e6 8. Bd3 exd5
9. exd5 Re8+ 10. Be3 Bh6 11. O-O Bxe3 12. fxe3 Nbd7 13. e4 Kg7 14. Rf2 Ng8 15.
Qd2 Ne5 16. Nxe5 Rxe5 17. Raf1 f6 18. Ne2 Bd7 19. Kh1 Qe7 20. Ng1 Rh5 21. a3 b6
22. Nf3 Rf8 23. b4 Nh6 24. Kg1 Nf7 25. bxc5 bxc5 26. Rb1 Bc8 27. Qa5 Ne5 28.
Nxe5 Rxe5 29. Rb8 a6 30. Rf3 f5 31. exf5 Bxf5 32. Rxf8 Kxf8 33. Qd2 Kg7 34.
Bxf5 Rxf5 35. Re3 Qh4 36. g4 Rf4 37. Re7+ Qxe7 38. Qxf4 g5 39. Qf5 Qe3+ 40. Kg2
Qe2+ 1/2-1/2

[Event "Yugoslavia"]
[Site "Yugoslavia"]
[Date "1993.??.??"]
[Round "?"]
[White "Goldin, Alexander"]
[Black "Velimirovic, Dragoljub"]
[Result "1-0"]
[WhiteElo "2540"]
[BlackElo "2505"]
[PlyCount "69"]
[EventDate "1993.??.??"]
[EventType "game"]
[EventCountry "YUG"]
[Source "ChessBase"]
[SourceDate "2009.11.30"]
[WhiteTeamCountry "YUG"]
[BlackTeamCountry "YUG"]

1. d4 c5 2. d5 d6 3. e4 g6 4. c4 Nf6 5. Nc3 Bg7 6. Bd3 O-O 7. Bg5 h6 8. Bh4 Qa5
9. Nge2 g5 10. Bg3 Nxe4 11. Bxe4 f5 12. Bc2 f4 13. O-O Nd7 14. Qd3 Rf7 15. h4
Bxc3 16. Nxc3 Ne5 17. Qe2 fxg3 18. hxg5 hxg5 19. fxg3 Rg7 20. Qf2 Bd7 21. Rae1
Qb4 22. Rxe5 dxe5 23. d6 Be6 24. dxe7 Rf7 25. Qd2 Rxe7 26. Qxg5+ Rg7 27. Qxe5
Bxc4 28. Rf4 Qxb2 29. Rxc4 Qxc2 30. Qe6+ Rf7 31. Rg4+ Kf8 32. Qd6+ Re7 33. Nd5
Qc1+ 34. Kh2 Rae8 35. Qf6+ 1-0

[Event "Belgrade Beopromet"]
[Site "Belgrade"]
[Date "1993.??.??"]
[Round "1"]
[White "Velimirovic, Dragoljub"]
[Black "Arsovic, Aleksandar"]
[Result "1-0"]
[WhiteElo "2510"]
[BlackElo "2255"]
[PlyCount "103"]
[EventDate "1993.03.??"]
[EventType "tourn"]
[EventRounds "11"]
[EventCountry "YUG"]
[EventCategory "7"]
[Source "ChessBase"]
[SourceDate "1993.09.01"]
[WhiteTeamCountry "YUG"]
[BlackTeamCountry "YUG"]

1. e4 e5 2. Nf3 Nc6 3. c3 Nf6 4. d3 d5 5. Nbd2 Be7 6. Be2 O-O 7. b4 a6 8. O-O
Be6 9. Qc2 h6 10. Re1 Re8 11. Bf1 dxe4 12. dxe4 Bf8 13. h3 Nd7 14. a4 Qf6 15.
Bb2 Ne7 16. Nc4 Ng6 17. Ne3 c6 18. Nf5 Nb6 19. Nd2 Rad8 20. a5 Nc8 21. Nc4 Nd6
22. Ncxd6 Bxd6 23. Nxd6 Rxd6 24. Rad1 Red8 25. Rxd6 Rxd6 26. Rd1 Qd8 27. Rxd6
Qxd6 28. Qd3 Qe7 29. Bc1 Nf4 30. Qe3 Qd7 31. Qd2 Qc7 32. c4 c5 33. bxc5 Qxc5
34. Qd8+ Kh7 35. Qb6 Qc8 36. c5 Qd7 37. Qd6 Qxd6 38. cxd6 Kg8 39. h4 Kf8 40. g3
Nh5 41. Bb2 f6 42. Be2 g6 43. Bc1 Kg7 44. Bc4 Bc8 45. Bd5 Kf8 46. Bxh6+ Ke8 47.
Kg2 f5 48. exf5 gxf5 49. Bf3 Nf6 50. Bg7 Nd7 51. Bh5+ Kd8 52. Bg6 1-0

[Event "Belgrade Beopromet"]
[Site "Belgrade"]
[Date "1993.??.??"]
[Round "2"]
[White "Radosevic, Nenad"]
[Black "Velimirovic, Dragoljub"]
[Result "1/2-1/2"]
[WhiteElo "2240"]
[BlackElo "2510"]
[PlyCount "46"]
[EventDate "1993.03.??"]
[EventType "tourn"]
[EventRounds "11"]
[EventCountry "YUG"]
[EventCategory "7"]
[Source "ChessBase"]
[SourceDate "1993.09.01"]
[WhiteTeamCountry "YUG"]
[BlackTeamCountry "YUG"]

1. d4 c5 2. d5 d6 3. Nf3 Nf6 4. c4 g6 5. Nc3 Bg7 6. e4 O-O 7. h3 e6 8. Bd3 exd5
9. cxd5 Re8 10. O-O c4 11. Bc2 b5 12. Nxb5 Nxe4 13. Re1 Nxf2 14. Kxf2 Rxe1 15.
Qxe1 Qb6+ 16. Nbd4 Bxd4+ 17. Nxd4 Qxd4+ 18. Qe3 Qxe3+ 19. Kxe3 Nd7 20. Kd4 Ne5
21. b3 cxb3 22. axb3 a6 23. Ba3 Bb7 1/2-1/2